Erziehung durch Arbeit: Arbeitslagerbewegung und freiwilliger Arbeitsdienst 1920 - 1935
Literaturverz. S. 288 - 302
| Main Author: | |
|---|---|
| Format: | Print Book |
| Language: | German |
| Published: |
Opladen
Westdeutscher Verlag
1988
|
| In: | Year: 1988 |
| Online Access: |
Cover Cover Table of Contents Table of Contents |
| Check availability: | HBZ Gateway |
| Subito Delivery Service: | Order now. |
| Keywords: |
MARC
| LEADER | 00000cam a2200000 c 4500 | ||
|---|---|---|---|
| 001 | 274252376 | ||
| 003 | DE-627 | ||
| 005 | 20260206194037.0 | ||
| 007 | tu | ||
| 008 | 880307s1988 gw ||||| 00| ||ger c | ||
| 015 | |a 88,N09,0640 |2 dnb | ||
| 015 | |a 88,A26,1148 |2 dnb | ||
| 016 | 7 | |a 880255366 |2 DE-101 | |
| 020 | |a 3531118862 |9 3-531-11886-2 | ||
| 035 | |a (DE-627)274252376 | ||
| 035 | |a (DE-603)005879582 | ||
| 035 | |a (DE-576)013789570 | ||
| 035 | |a (DE-599)GBV274252376 | ||
| 035 | |a (OCoLC)21393387 | ||
| 035 | |a (OCoLC)242616884 | ||
| 035 | |a (OCoLC)242616884 | ||
| 035 | |a (AT-OBV)AC00473086 | ||
| 040 | |a DE-627 |b ger |c DE-627 |e rakwb | ||
| 041 | |a ger | ||
| 044 | |c XA-DE | ||
| 050 | 0 | |a HD6276.G4 | |
| 084 | |a GESCH 422 (72) |a GESCH 436 (72) |a SOP 785 |a SOP 787 |2 sfb | ||
| 084 | |a 64 |a 63 |2 sdnb | ||
| 084 | |a 64 |2 sdnb | ||
| 084 | |a NQ 2290 |2 rvk |0 (DE-625)rvk/128243: | ||
| 084 | |a DD 4700 |2 rvk |0 (DE-625)rvk/19296: | ||
| 084 | |a NQ 1090 |2 rvk |0 (DE-625)rvk/128052: | ||
| 084 | |a 15.43 |2 bkl | ||
| 100 | 1 | |a Dudek, Peter |d 1949- |0 (DE-588)121531767 |0 (DE-627)081368208 |0 (DE-576)160792541 |4 aut | |
| 109 | |a Dudek, Peter 1949- | ||
| 245 | 1 | 0 | |a Erziehung durch Arbeit |b Arbeitslagerbewegung und freiwilliger Arbeitsdienst 1920 - 1935 |c Peter Dudek |
| 264 | 1 | |a Opladen |b Westdeutscher Verlag |c 1988 | |
| 300 | |a 308 S. |b graph. Darst. | ||
| 336 | |a Text |b txt |2 rdacontent | ||
| 337 | |a ohne Hilfsmittel zu benutzen |b n |2 rdamedia | ||
| 338 | |a Band |b nc |2 rdacarrier | ||
| 500 | |a Literaturverz. S. 288 - 302 | ||
| 505 | 8 | |a Literaturverz. S. 288 - 302 | |
| 505 | 8 | |a Literaturverz. S. 288 - 302 | |
| 520 | |a Literaturverz. S. 288 - 302 | ||
| 583 | 1 | |a Archivierung/Langzeitarchivierung gewährleistet |f SLG |x XA-DE-BW |z BfZ |2 pdager |5 DE-24 | |
| 648 | 7 | |a Geschichte 1920-1935 |2 gnd | |
| 650 | 4 | |a Deutschland ; Freiwilliger Arbeitsdienst ; Arbeitslagerbewegung ; Geschichte 1920-1935 | |
| 650 | 4 | |a Deutschland ; Arbeitslagerbewegung ; Freiwilliger Arbeitsdienst ; Geschichte 1920-1935 | |
| 650 | 4 | |a Freiwilliger Arbeitsdienst ; Arbeitslagerbewegung ; Deutschland ; Geschichte 1920-1935 | |
| 650 | 4 | |a Arbeitslagerbewegung ; Freiwilliger Arbeitsdienst ; Deutschland ; Geschichte 1920-1935 | |
| 650 | 4 | |a Weimarer Republik ; Freiwilliger Arbeitsdienst ; Arbeitslagerbewegung | |
| 650 | 4 | |a Hochschule | |
| 650 | 4 | |a Studentenverband | |
| 650 | 4 | |a Partei | |
| 650 | 4 | |a Sozialismus | |
| 650 | 4 | |a Demokratie | |
| 653 | 0 | |a Youth |a Employment |a Germany |a History |a 20th century | |
| 689 | 0 | 0 | |d g |0 (DE-588)4011882-4 |0 (DE-627)104704861 |0 (DE-576)208896155 |a Deutschland |2 gnd |
| 689 | 0 | 1 | |d s |0 (DE-588)4155350-0 |0 (DE-627)105516503 |0 (DE-576)209818263 |a Freiwilliger Arbeitsdienst |2 gnd |
| 689 | 0 | 2 | |d s |0 (DE-588)4198113-3 |0 (DE-627)105191302 |0 (DE-576)210119772 |a Arbeitslagerbewegung |2 gnd |
| 689 | 0 | 3 | |a z |2 gnd |a Geschichte 1920-1935 |
| 689 | 0 | |5 DE-101 | |
| 689 | 1 | 0 | |d s |0 (DE-588)4065109-5 |0 (DE-627)10612059X |0 (DE-576)209156864 |a Weimarer Republik |2 gnd |
| 689 | 1 | 1 | |d s |0 (DE-588)4155350-0 |0 (DE-627)105516503 |0 (DE-576)209818263 |a Freiwilliger Arbeitsdienst |2 gnd |
| 689 | 1 | 2 | |d s |0 (DE-588)4198113-3 |0 (DE-627)105191302 |0 (DE-576)210119772 |a Arbeitslagerbewegung |2 gnd |
| 689 | 1 | |5 DE-101 | |
| 856 | 4 | 2 | |u https://swbplus.bsz-bw.de/bsz013789570cov.jpg |m V:DE-576 |m X:springer |q image/jpeg |v 20140210125152 |3 Cover |7 1 |
| 856 | 4 | 2 | |u https://digitale-objekte.hbz-nrw.de/storage/2009/03/04/file_17/2848470.pdf |m V:DE-605 |m X:migimw |q application/pdf |v 2025-07-00 |3 Inhaltsverzeichnis |7 1 |
| 856 | 4 | 2 | |u http://scans.hebis.de/HEBCGI/show.pl?00587958_toc.pdf |m V:DE-605 |q application/pdf |3 Inhaltsverzeichnis |7 1 |
| 856 | 4 | 2 | |u http://scans.hebis.de/HEBCGI/show.pl?00587958_cov.jpg |m V:DE-576;X:springer |q image/jpeg |3 Cover |7 1 |
| 889 | |w (DE-627)024923206 | ||
| 889 | |w (DE-627)116557508 | ||
| 935 | |i mdedup | ||
| 935 | |i Blocktest | ||
| 935 | |h HEB |i 0501 | ||
| 935 | |h HEB |i 0503 | ||
| 936 | r | v | |a NQ 2290 |b Wirtschaft, Wirtschafts- und Sozialpolitik im Dritten Reich |k Geschichte |k Geschichte seit 1918 |k Drittes Reich |k Innere Geschichte |k Wirtschaft, Wirtschafts- und Sozialpolitik im Dritten Reich |0 (DE-627)127114333X |0 (DE-625)rvk/128243: |0 (DE-576)20114333X |
| 936 | r | v | |a DD 4700 |b 20. Jahrhundert bis 2. Weltkrieg |k Pädagogik |k Geschichte der Pädagogik und des Bildungswesens |k 20. Jahrhundert bis 2. Weltkrieg |0 (DE-627)1270707043 |0 (DE-625)rvk/19296: |0 (DE-576)200707043 |
| 936 | r | v | |a NQ 1090 |b Geistes- und Kulturgeschichte |k Geschichte |k Geschichte seit 1918 |k Deutsche Geschichte seit dem Ende des Ersten Weltkriegs |k Weimarer Republik (1918 - 1933) |k Allgemeines |k Geistes- und Kulturgeschichte |0 (DE-627)1271470454 |0 (DE-625)rvk/128052: |0 (DE-576)201470454 |
| 936 | b | k | |a 15.43 |j Deutsche Geschichte des 19. Jahrhunderts bis zur Gegenwart |0 (DE-627)181569701 |
| 936 | s | n | |a d100 |2 mzub |
| 936 | s | n | |a n100 |2 mzub |
| 951 | |a BO | ||
| ELC | |b 1 | ||
| LOK | |0 000 xxxxxcx a22 zn 4500 | ||
| LOK | |0 001 3285446536 | ||
| LOK | |0 003 DE-627 | ||
| LOK | |0 004 274252376 | ||
| LOK | |0 005 20140519160332 | ||
| LOK | |0 008 140519||||||||||||||||ger||||||| | ||
| LOK | |0 040 |a DE-21-110 |c DE-627 |d DE-21-110 | ||
| LOK | |0 689 |a s |a Arbeitslager | ||
| LOK | |0 689 |a s |a Freiwilliger Arbeitsdienst | ||
| LOK | |0 852 |z Kein Bestand am IfK; Nachweis für KrimDok | ||
| LOK | |0 852 |a DE-21-110 | ||
| LOK | |0 852 1 |m v |9 00 | ||
| LOK | |0 935 |a k110 | ||
| LOK | |0 938 |k v | ||
| LOK | |0 939 |a 19-05-14 |b l01 | ||
| ORI | |a SA-MARC-krimdoka001.raw | ||
| TIM | |a 100019200101_100019351231 |b Geschichte 1920-1935 | ||
